Espiritualidad, violencia y androcentrismo: retos prácticos de los feminismos para el siglo XXI en América Latina /
Este ensayo explora tres retos de los feminismos en América Latina para el siglo XXI. Estos retos son la necesidad de espiritualidad, la lucha contra la violencia de género y la visión androcéntrica de la mujer en el catolicismo. La espiritualidad le ayudará al feminismo a superar actitudes negativa...
সংরক্ষণ করুন:
| প্রধান লেখক: | |
|---|---|
| বিন্যাস: | পাঠ্য |
| বিষয়গুলি: | |
| ট্যাগগুলো: |
ট্যাগ যুক্ত করুন
কোনো ট্যাগ নেই, প্রথমজন হিসাবে ট্যাগ করুন!
|
MARC
| LEADER | 00000 a a2200000 04500 | ||
|---|---|---|---|
| 001 | 15534 | ||
| 003 | |||
| 040 | |||
| 100 | |a Salas Chacón, Alvaro | ||
| 245 | |a Espiritualidad, violencia y androcentrismo: |b retos prácticos de los feminismos para el siglo XXI en América Latina / |c Alvaro Salas Chacón | ||
| 520 | |a Este ensayo explora tres retos de los feminismos en América Latina para el siglo XXI. Estos retos son la necesidad de espiritualidad, la lucha contra la violencia de género y la visión androcéntrica de la mujer en el catolicismo. La espiritualidad le ayudará al feminismo a superar actitudes negativas como el resentimiento, los sentimientos de victimización, las pretensiones de superioridad moral, el separatismo y el dogmatismo. La violencia de género no se debe minimizar mediante un discurso moralista dirigido a enseñarles a las mujeres a ocupar su lugar. Es importante cuestionar el ideal femenino marianista y la visión católica de la mujer basada en un escencialismo biológico, la feminización del altruismo y la complementariedad de género, porque minimiza la violencia de género y proscribe todo debate sobre los derechos reproductivos de las mujeres | ||
| 650 | |a FEMINISMO | ||
| 650 | |a GENERO | ||
| 650 | |a MUJERES | ||
| 773 | |g volumen 44, número 111 -112; páginas 65-71 | ||
| 999 | |c 39335 |d 39335 | ||
